Top 10 Countries with the Most English Speakers - Statistics

General Stats
  • This quiz has been taken 23 times
  • The average score is 8 of 10
Answer Stats
English Population Country % Correct
129.3 M India
100%
63.7 M United Kingdom
100%
299.3 M United States
100%
125 M Nigeria
90%
108 M Pakistan
85%
45.9 M Germany
75%
85.9 M Indonesia
70%
70.1 M Philippines
70%
41.3 M Kenya
65%
38.8 M Egypt
55%
No matching quizzes found
Score Distribution
Percent of People with Each Score
Percentile by Number Answered
Your Score History
You have not taken this quiz